| 000 | 00433nam a2200181Ia 4500 | ||
|---|---|---|---|
| 008 | 220531s9999 xx 000 0 und d | ||
| 041 | _aeng | ||
| 082 | _bSOC / GOK | ||
| 100 |
_aGokhale,Sadhana _982287 |
||
| 245 | _aSociology | ||
| 250 | _a1ST | ||
| 260 |
_aPune _bNirali _c2019 |
||
| 300 | _a3.98 | ||
| 542 | _d10-10-2019 | ||
| 650 |
_aSociology _982288 |
||
| 906 |
_cF.Y.B.A. _d2019-2020 _f17785 |
||
| 999 |
_c45388 _d45388 |
||